|
|
|
|
| LEADER |
00000cam a2200000 7i4500 |
| 001 |
0000004201 |
| 005 |
20190523.0 |
| 020 |
0 |
0 |
|a 9780141394404
|
| 090 |
0 |
0 |
|a 915.9
|b ALF
|
| 245 |
1 |
0 |
|a Alfred Russel Wallace The Malay Archipelago :
|b The land of the Orang utan and the Bird of Paradise
|c edited and introduced by Andrew Berry
|
| 260 |
0 |
0 |
|a England :
|b Penguin Books ,
|c 2014
|
| 300 |
|
|
|a xxviii, 652 p. ;
|c 20 cm.
|
| 500 |
0 |
0 |
|a Includes index
|
| 651 |
0 |
0 |
|a Malay archipelago
|
| 651 |
0 |
0 |
|a Natural history
|
| 700 |
0 |
1 |
|a Berry, Andrew
|
| 998 |
|
|
|a JPSM
|
| 999 |
|
|
|a 008081
|b Monograph
|c Open Shelf
|e Default branch
|